Proyecto de re-construcción del Parque Urbano Simón Bolívar
Guardado en:
| Hovedforfatter: | |
|---|---|
| Andre forfattere: | |
| Format: | Bog |
| Sprog: | Spanish |
| Udgivet: |
[San José, Costa Rica]
2020
|
| Fag: | |
| Tags: |
Tilføj Tag
Ingen Tags, Vær først til at tagge denne postø!
|
MARC
| LEADER | 00000nam a2200000Ia 4500 | ||
|---|---|---|---|
| 003 | 013500 | ||
| 005 | 20230331141505.0 | ||
| 008 | 140116s2020 cr a 000 ||spa d | ||
| 040 | |c cru CEDI | ||
| 100 | |a Castro Brizuela, Andrea, 1988- |9 310 | ||
| 245 | |a Proyecto de re-construcción del Parque Urbano Simón Bolívar | ||
| 260 | |a [San José, Costa Rica] |c 2020 | ||
| 500 | |a Proyecto de graduación (licenciatura en arquitectura)--Universidad de Costa Rica. Facultad de Ingeniería. Escuela de Arquitectura, | ||
| 501 | |a Directora del Proyecto de Graduación: Mag. Arq Catherine Kauffmann Incer | ||
| 650 | |x PARQUE BOLIVAR (COSTA RICA) - REPARACION Y RECONSTRUCCION - PROYECTOS |x PARQUES ZOOLOGICOS - DISEÑO Y COSNTRUCCION - SAN JOSE (COSTA RICA) |x PARQUES URBANOS - SAN JOSE (COSTA RICA) - DISEÑOS Y PLANOS | ||
| 700 | |9 274 |a Kauffmann Incer, Catherine, 1974- |d Directora del TFG | ||
| 942 | |c CEDI |h TFG 8651 |6 TFG_8651_000000000000000 | ||
| 999 | |c 22002 |d 22002 | ||
